| 000 | 00453nam a2200157 i 4500 | ||
|---|---|---|---|
| 001 | 46194 | ||
| 003 | ES-MaACL | ||
| 005 | 20230906161337.0 | ||
| 007 | t| | ||
| 008 | 030328s1972 sp ||||1| spa d | ||
| 111 | 2 |
_aConferencia de Estocolmo. _9192 |
|
| 245 | 1 | 3 |
_aLa Conferencia de Estocolmo _b: sólo una Tierra. |
| 260 |
_a[Barcelona] : _bVicens-Vives, _c1972. |
||
| 300 |
_a196 p., 5 lám. : _bil. ; _c21 cm. |
||
| 852 |
_aES-MaACL _jC-49532 _bR.82719 |
||
| 999 |
_c46194 _d46194 |
||